Statistiques concernant Position des Pays #2 - Population

Cliquez ici pour prendre le quiz!

Statistiques générales

  • Ce quiz a été pris 144 fois
  • Le résultat moyen est 12 sur 15

Statistiques - réponses

Pays par PopulationPosition% Correct
Bangladesh3
87%
Thaïlande4
86%
Nigéria1
84%
Brésil2
84%
Corée du Nord9
82%
Roumanie10
80%
Canada7
80%
Pays-Bas11
78%
Papouasie-Nouvelle-Guinée14
78%
Corée du Sud5
78%
Népal8
78%
Argentine6
77%
Libye15
75%
Somalie12
73%
Haïti13
71%

Distribution des résultats

Percentile par nombre de réponses

% des personnes avec chaque résultat

Votre développement - résultats

Vous n’avez pas pris ce quiz